000 00468nam a2200169Ia 4500
008 151213s9999 xx 000 0 und d
082 _a515.33
_b515.33
100 _aB.C. Das/ B.N. Mukherjee
245 _aDifferential Calculus
_cB.C. Das/ B.N. Mukherjee
250 _a43th
260 _aCalcutta
_bU.N. Dhar & Sons Private Ltd
_c1997
300 _a11879 p.
650 _aMathematics
650 _aMathematics
700 _aB.C. Das/ B.N. Mukherjee
999 _c5063
_d5063